'Race' and community care /
'Race' and community care. 'Race', welfare and community care. Defining and containing diversity. Family obligations and social change among Asian communities. Looking after their own? Family care-giving among Asian and Afro-Caribbean communities...
Gespeichert in:
| Format: | Buch |
|---|---|
| Sprache: | English |
| Veröffentlicht: |
Buckingham :
Open University Press,
1996.
|
| Schlagworte: | |
| Tags: |
Tag hinzufügen
Keine Tags, Fügen Sie den ersten Tag hinzu!
|
| Thư viện lưu trữ: | Mạng thư viện Đại học Đà Nẵng |
|---|
| LEADER | 01295cam a2200373 i 4500 | ||
|---|---|---|---|
| 001 | 000047740 | ||
| 003 | 7433 | ||
| 005 | 20041029085153.0 | ||
| 008 | 010319b1996 vm 000 eng | ||
| 020 | |a 0335194621 | ||
| 040 | |a IRC |c IRC |d IRC | ||
| 041 | 0 | |a eng | |
| 082 | 1 | 4 | |a 362.8400941 |b Ra-C |
| 245 | 0 | 1 | |a 'Race' and community care / |c edited by Waqar I. U. Ahmad and Karl Atkin. |
| 260 | |a Buckingham : |b Open University Press, |c 1996. | ||
| 300 | |a ix, 187 p. ; |c 23 cm. | ||
| 520 | 3 | |a 'Race' and community care. 'Race', welfare and community care. Defining and containing diversity. Family obligations and social change among Asian communities. Looking after their own? Family care-giving among Asian and Afro-Caribbean communities... | |
| 630 | 0 | 4 | |a Great Britain. |
| 630 | 0 | 4 | |a Social service. |
| 630 | 0 | 4 | |a Minorities. |
| 650 | 0 | 4 | |a Minorities |x Services for |z Great Britain. |
| 650 | 0 | 4 | |a Social work with minorities |z Great Britain. |
| 650 | 0 | 4 | |a Community health services |z Great Britain. |
| 650 | 0 | 4 | |a Race discrimination |z Great Britain. |
| OWN | |a DUT | ||
| 999 | |a From the UDN01 | ||
| TYP | |a Monograph | ||
| TYP | |a Printed language | ||
| 980 | |a Mạng thư viện Đại học Đà Nẵng | ||


